000 00289nam a2200121 a 4500
008 100916s1972|||| d
245 1 0 _aThibaultovci 2
100 1 _aDu Gard, R. M.
260 _bSlovenský spisovateľ
_aBratislava
_c1972
020 _c80
044 _axo
_cSK
041 _aslo
999 _c10356
_d10356